| 000 | 00490nam a22001817a 4500 | ||
|---|---|---|---|
| 999 |
_c264131 _d264130 |
||
| 003 | OSt | ||
| 005 | 20240726110741.0 | ||
| 008 | 240726b xxu||||| |||| 00| 0 eng d | ||
| 010 | _a 2010526273 | ||
| 020 | _a9780545067768 (pbk.) | ||
| 020 | _a 0545067766 (pbk.) | ||
| 040 | _cDLC | ||
| 100 | _a Meadows, Daisy. | ||
| 245 |
_aStella the star fairy / _c by Daisy Meadows. |
||
| 260 |
_aNew York : _bScholastic, _c c2005. |
||
| 300 |
_a173 p. : _b ill. ; _c 20 cm. |
||
| 942 |
_2lcc _cBK |
||